header

Aid that works (Record no. 94569)

MARC details
000 -LEADER
fixed length control field 01320nam a2200337Ia 4500
245 00 - TITLE STATEMENT
Title Aid that works
260 ## - PUBLICATION, DISTRIBUTION, ETC. (IMPRINT)
Place of publication Washington, DC :
Name of publisher World Bank,
Year of publication c2007.
300 ## - PHYSICAL DESCRIPTION
Number of Pages xviii, 301 p. :
Other physical details ill.
490 0# - SERIES STATEMENT
Series statement Directions in development
650 #0 - SUBJECT ADDED ENTRY--TOPICAL TERM
Topical Term Economic assistance.
Topical Term Economic development projects
Topical Term International economic relations.
700 1# - ADDED ENTRY--PERSONAL NAME
Personal name Manor, James.
856 40 - ELECTRONIC LOCATION AND ACCESS
Uniform Resource Identifier http://site.ebrary.com/lib/rucke/Doc?id=10150161

No items available.

© 2026 Rongo University
Contact us: librarian | system librarian | Rongo university